El impacto de las tecnologías de información en las organizaciones : el caso de las PyME bahienses /

Guardado en:
Otros Autores: Briozzo, Anahí Eugenia. (Disertante), Romanelli, Rodolfo. (Orientador)
Formato: Manuscrito
Idioma:Spanish
Publicado: 2001.
Materias:
Etiquetas: Agregar Etiqueta
Sin Etiquetas, Sea el primero en etiquetar este registro!
LEADER 01066ntm a22002415a 4500
001 EAD.ead000993
008 070928s2001####ag#######bm###000#0#spa#d
005 20250317191955.0
245 1 3 |a El impacto de las tecnologías de información en las organizaciones :  |b el caso de las PyME bahienses /  |c Anahí Eugenia Briozzo. 
260 |c 2001. 
300 |a 85 h. ;  |c 30 cm. 
502 |a Tesis (licenciatura)--Universidad Nacional del Sur. Departamento de Ciencias de la Administración, 2001. 
500 |a Director de tesis: Rodolfo Romanelli. 
504 |a Incluye referencias bibliográficas. 
100 1 |a Briozzo, Anahí Eugenia.  |4 dis 
700 1 |a Romanelli, Rodolfo.  |4 ths 
710 2 |a Universidad Nacional del Sur.  |b Departamento de Ciencias de la Administración  |4 dgg. 
082 0 4 |a 658.406  |2 21 
650 7 |a Tecnología de la información.  |2 unbist 
650 7 |a Tecnología de la comunicación.  |2 unbist 
650 7 |a Empresas comerciales.  |2 unbist 
650 7 |a Pequeña y mediana empresa.  |2 isoc 
859 |a AR-BaBDC  |b BIB. ADMINISTRACION - Tesis  |h 658.406  |i B772  |k T  |p b04566